Biggest Traitors in History - Statistics

General Stats
  • This quiz has been taken 32 times
  • The average score is 4 of 15
Answer Stats
Hint Answer % Correct
Betrayed his Teacher for 30 pieces of silver Judas
84%
English Catholic that tried to blow up the Parliament Guy Fawkes
71%
This French fashion designer collaborated with the SS during WWII Coco Chanel
65%
Joined the British side in spite of his successes as a General for the United Colonies Benedict Arnold
45%
This Norwegian's name became a synonym for "traitor" Vidkun Quisling
42%
This American couple was executed for spying for the Soviet Union Julius & Ethel Rosenberg
35%
Went from being a WWI hero to a Fascist dictator Philippe Pétain
32%
Dante placed the answer to the question above and these two in the lowest circle of Hell Brutus
23%
Cassius
6%
Aztec Princess that helped Cortés in the conquest of Mexico La Malinche
6%
Lead the Chinese collaborationist regime during the Second Sino-Japanese War (and during WWII) Wang Jingwei
6%
Helped the British in conquering the Indian region of Bengal Mir Jafar
3%
Betrayed Athens, then Sparta, then Persia, only to end up assassinated Alcibiades
0%
Guided the Persians to outflank the Greeks at Thermopylae Ephialtes of Trachis
0%
The kneeling statue of this Chinese politician is subjected to contempt by passersby to this day Qin Hui
0%
No matching quizzes found
Score Distribution
Percent of People with Each Score
Percentile by Number Answered
Your Score History
You have not taken this quiz